000 00443cam a2200181ua 4500
001 3917
008 111208n ii |||gr||||Z||||||asm
040 _cMAIN
082 _a891.4511
100 1 _aTanti, Sananta ,
245 1 1 _aMrityur agor stopagot
_cby Sananta Tanti
250 _a1st.
260 _aGuwahati:
_bLawyers book stall,996.
300 _a57p:
_c23cm.
653 _aAssamese poem
653 _aMrityur agor stopagot
942 _cBK
999 _c3739
_d3739